00709nam a2200181 a 450000100060000000300090000600800410001504000280005608200160008410000190010024500680011926000500018730000080023750501800024565000440042565000230046965000350049222793CO-ViMGA141112s2004 ck r 000 u spa d aCO-ViMGAbspacCO-ViMGA04a333.7 M657i1 aMonroy, Nestor10aIntroducción a la producción más limpia : bMarco teorico aColombia : bEscuela Colombiana de Ingenieria aV.1 aProblematica ambiental en colombia, El desarrollo sostenible, Mercadeo verde, Ecoetiquetado, Ejemplos de gestión ambiental, Que es una herramienta, Optimizacion de procesos14aCONSERVACION DE LOS RECURSOS NATURALES14aGESTION AMBIENTAL 14aPROTECCION DEL MEDIO AMBIENTE